XIII. ročník seminára Etnológ a múzeum - Ľudový textil a spôsoby jeho výroby

Bibliographic Details
Main Author: Ševčíková, Eva, 1974- (Author)
Format: Article
Language:Slovak
PhysicalDescription:Fotogr.
ISSN:1335-1303
Subjects:

MARC

LEADER 00000nab a2200000 a 4500
001 vtls010076140
003 SK-MaSNL
005 20260426091838.0
008 250708c2009 xo |r||||||||||00 b|slo
015 |a SNBRB2010/03  |2 snkbucl 
035 |a (uuid)43f9b559-20a0-4194-a973-99bd8db2e9f5 
035 |a urn:nbn:sk:snk-ab15tt 
035 |a (urnnbn)urn:nbn:sk:snk:ar-a03ab3 
038 |a SNKBUCL 
040 |a SNKBUCL  |b slo  |c SNKBUCL  |e AACR2 
041 0 |a slo 
044 |a xo  |c SK 
080 |a 39:061.3  |2 2001 
080 |a 391:061.3  |2 2001 
080 |a 069:061.3  |2 2001 
100 1 |a Ševčíková, Eva,  |d 1974-  |4 aut  |9 540833 
245 1 0 |a XIII. ročník seminára Etnológ a múzeum - Ľudový textil a spôsoby jeho výroby  |c Eva Ševčíková 
300 |b Fotogr. 
611 2 7 |a Etnológ a múzeum  |n (13. :  |d 2009 :  |c Komárno, Slovensko)  |2 snkbucl  |9 324130 
611 2 7 |a Ľudový textil a spôsoby jeho výroby  |d (2009 :  |c Komárno, Slovensko)  |2 snkbucl  |9 1516920 
648 7 |a 2009  |2 snkbucl  |9 320114 
650 0 7 |a etnológia  |2 snkbucl  |9 715 
650 0 7 |a etnografia  |2 snkbucl  |9 950 
650 0 7 |a múzejníctvo  |2 snkbucl  |9 20819 
650 0 7 |a ľudový textil  |2 snkbucl  |9 580747 
650 0 7 |a textilné techniky  |2 snkbucl  |9 87061 
650 0 7 |a semináre  |2 snkbucl  |9 18562 
651 7 |a Slovensko  |2 snkbucl  |9 14231 
651 7 |a Komárno (Slovensko)  |2 snkbucl  |9 39168 
655 7 |a správy  |2 snkbucl  |9 70563 
773 0 |t Slovenský národopis  |g Roč. 57, č. 4 (2009), s. 504-506  |x 1335-1303 
850 |a Slovenská národná knižnica 
852 |a Slovenská národná knižnica 
954 |a odborná, vedecká literatúra pôvodná (slovenská)  |2 lita 
958 |a article27 
958 |a OND 
958 |a EUIPO 
999 |c 3036973  |d 3038903